000 00606nam a22002417a 4500
003 UA-OsUOA
001 563
007 ta
008 20050609b un ||||| |||| 00| 0 ukr d
100 _aТрускавецький Є.С.
090 _a576.3(075.8)
_bТ78
942 _cBK
040 _aUA-OsUOA
_bukr
_cUA-OsUOA
_dUA-OsUOA
245 _aЦитологія
_bПідручник
300 _a254 с.
955 _a2
041 _aukr
080 _a576.3(075.8)
020 _a966-642-094-5
260 _aК.
_bВища школа
_c2004
650 7 _a576 Цитологія
_2UDC
999 _c286729
_d286729